Statistics for Pixar Shorts

Click here to take the quiz!

General Stats

  • This quiz has been taken 31 times
  • The average score is 8 of 22

Answer Stats

Played BeforeAnswer% Correct
N/A (Toy Story on select prints only)The Adventures of André & Wally B.
65%
Finding NemoKnick Knack
54%
Inside OutLava
54%
Incredibles 2Bao
50%
A Bug's LifeGeri's Game
50%
RatatouilleLifted
50%
Toy Story 2Luxo Jr.
50%
N/A (Toy Story on home release only)Tin Toy
50%
Monsters, Inc.For The Birds
46%
WALL-EPresto
46%
CarsOne Man Band
38%
Finding DoryPiper
38%
N/ARed's Dream
38%
UpPartly Cloudy
35%
Toy Story 3Day and Night
27%
BraveLa Luna
27%
Cars 3Lou
27%
CocoOlaf's Frozen Adventure
27%
Monsters UniversityThe Blue Umbrella
27%
The Good DinosaurSanjay's Super Team
23%
Cars 2Hawaiian Vacation
15%
OnwardPlaydate With Destiny
8%

Score Distribution

Percentile by Number Answered

Percent of People with Each Score

Your Score History

You have not taken this quiz